Biografía de Pedro Laín Entralgo (1908-2001) / (Record no. 181957)

MARC details
000 -LEADER
campo de control de longitud fija 01007nam a2200265 i 4500
001 - NÚMERO DE CONTROL
campo de control 181957
003 - IDENTIFICADOR DE NÚMERO DE CONTROL
campo de control ES-MaACL
005 - FECHA Y HORA DE LA ÚLTIMA TRANSACCIÓN
campo de control 20240105062953.0
008 - DATOS DE LONGITUD FIJA--INFORMACIÓN GENERAL
campo de control de longitud fija 130509s2007 sp |||| |bspa d
020 ## - NÚMERO INTERNACIONAL ESTÁNDAR DEL LIBRO
Número Internacional Estándar del Libro 978-84-96611-12-2
080 ## - NÚMERO DE LA CLASIFICACIÓN DECIMAL UNIVERSAL
Número de la Clasificación Decimal Universal 929 Laín Entralgo, Pedro
100 1# - ENTRADA PRINCIPAL--NOMBRE DE PERSONA
Nombre de persona Piñas Mesa, Antonio,
Fechas asociadas al nombre 1974-
9 (RLIN) 144930
245 10 - MENCIÓN DEL TÍTULO
Título Biografía de Pedro Laín Entralgo (1908-2001) /
Mención de responsabilidad, etc. Antonio Piñas Mesa.
250 ## - MENCION DE EDICION
Mención de edición 1ª ed.
260 ## - PUBLICACIÓN, DISTRIBUCIÓN, ETC.
Lugar de publicación, distribución, etc. Madrid :
Nombre del editor, distribuidor, etc. Fundación Emmanuel Mounier,
Fecha de publicación, distribución, etc. 2007.
300 ## - DESCRIPCIÓN FÍSICA
Extensión 123 p. ;
Dimensiones 18 cm.
490 1# - MENCIÓN DE SERIE
Mención de serie Sinergia. Serie verde ;
Designación de volumen o secuencia 28
504 ## - NOTA DE BIBLIOGRAFÍA, ETC.
Nota de bibliografía, etc. Referencias bibliográficas.
600 14 - PUNTO DE ACCESO ADICIONAL DE MATERIA--NOMBRE DE PERSONA
Nombre de persona Laín Entralgo, Pedro,
Fechas asociadas al nombre 1908-2001-
Subdivisión general Biografías
9 (RLIN) 69682
830 0# - PUNTO DE ACCESO ADICIONAL DE SERIE-TÍTULO UNIFORME
Título uniforme Sinergia. Serie verde ;
Designación de volumen o secuencia 28
9 (RLIN) 191705
852 ## - LOCALIZACIÓN
Ubicación ES-MaACL
Número de control de estantería A-12646
itemnumber 188866
Sublocalización o colección R.148834
Ubicación en estantería Depósito 1
Signatura antigua Olim: N-5647
Encuadernación Donación: Antonio Piñas Mesa
Nota libre Dedicatoria autógrafa del autor
903 ## - NOMBRE PERSONAL DE DONANTE
a Piñas Mesa, Antonio,
d 1974-
e Donante
9 144930
942 ## - ELEMENTOS DE ENTRADA SECUNDARIOS (KOHA)
Fuente del sistema de clasificación o colocación Clasificación decimal universal
Tipo de ítem Koha Libro impreso
Holdings
Estatus retirado Estado de pérdida Fuente del sistema de clasificación o colocación Estado de daño No para préstamo Colección Biblioteca de origen Biblioteca actual Ubicación en estantería Fecha de adquisición Fuente de adquisición Total de préstamos Signatura topográfica completa Código de barras Visto por última vez Precio de reemplazo Tipo de ítem Koha Nota pública
    Clasificación decimal universal     Libros con dedicatorias Biblioteca del Ateneo de Madrid Biblioteca del Ateneo de Madrid Depósito 1 09/05/2013 Donación   A-12646 1191217 23/02/2023 23/02/2023 Libro impreso Dedicatoria autógrafa del autor